Statistics for All NBA 2k covers

Click here to take the quiz!

General Stats

  • This quiz has been taken 130 times
  • The average score is 19 of 30

Answer Stats

Hint Answer % Correct
2K12Michael Jordan
89%
2k14LeBron James
88%
2K17Kobe Bryant
84%
2K16Stephen Curry
84%
2K17Paul George
83%
2K16James Harden
81%
2K15Kevin Durant
79%
2K04Allen Iverson
76%
2K16Anthony Davis
71%
2K07Shaquille O'Neal
71%
2K08Chris Paul
60%
2K13Blake Griffin
55%
2K09Kevin Garnett
55%
2K13Derrick Rose
54%
2K12Larry Bird
53%
2K05Ben Wallace
48%
2K12Magic Johnson
47%
2K16Marc And Pau Gasol
21%
2K17Pau Gasol
21%
2K16Tony Parker
17%
2K17Danilo Gallinari
9%
2K16Dennis Schroder
6%

Score Distribution

Percentile by Number Answered

Percent of People with Each Score

Your Score History

You have not taken this quiz